[Event "AUTO-INT-2285"]
[Site "http://www.queenalice.com/game.php?id=1044638"]
[Date "2012.3.31"]
[Round "1"]
[White "Arwan"]
[Black "frami"]
[Result "1-0"]
[WhiteElo "1748"]
[BlackElo "1378"]

1. e4 c6 2. d4 d5 3. Nc3 Nf6 4. Bd3 e6 5. Bg5 Bb4 6. e5 h6 7. Bd2 Nfd7 8. Nf3
O-O 9. O-O Nb6 10. a3 Be7 11. b4 a5 12. b5 c5 13. dxc5 Nc4 14. Bxc4 dxc4 15. Be3
b6 16. cxb6 Nd7 17. Na4 Bb7 18. Qd2 Bxf3 19. gxf3 Bg5 20. f4 Bh4 21. Qc3 f5 22.
Rad1 Qe7 23. b7 Rab8 24. Nb6 Rbd8 25. Nxd7 Rxd7 26. Qxc4 Rxd1 27. Rxd1 Kf7 28.
Qc6 Qe8 29. Qc7+ Kg6 30. a4 1-0

[Event "AUTO-INT-2285"]
[Site "http://www.queenalice.com/game.php?id=1044639"]
[Date "2012.3.31"]
[Round "1"]
[White "frami"]
[Black "Arwan"]
[Result "0-1"]
[WhiteElo "1394"]
[BlackElo "1743"]

1. e4 e5 2. Nf3 Nc6 3. d4 exd4 4. Nxd4 Bc5 5. Be3 Qf6 6. c3 Nge7 7. Bc4 O-O 8.
O-O d6 9. Bg5 Qxg5 10. Nf3 Qg6 11. Bd5 Bh3 12. Nh4 Qg5 13. Qf3 Be6 14. Bxe6 fxe6
15. Qg3 Qxg3 16. hxg3 Rf7 17. Nd2 d5 18. exd5 exd5 19. Rfe1 Bxf2+ 0-1

[Event "AUTO-INT-2285"]
[Site "http://www.queenalice.com/game.php?id=1044653"]
[Date "2012.3.31"]
[Round "1"]
[White "frami"]
[Black "saucissonsec"]
[Result "1-0"]
[WhiteElo "1456"]
[BlackElo "1592"]

1. e4 e5 2. Nf3 d6 3. d4 Nf6 4. Bg5 Be7 5. Bc4 O-O 6. Nc3 exd4 7. Nxd4 h6 8.
Bxf6 Bxf6 9. Qd2 c5 10. Nf5 Re8 11. Nxd6 Bxc3 12. Qxc3 Qxd6 13. Qf3 Be6 14. Rd1
Qb6 15. Bxe6 Rxe6 16. O-O Nc6 17. Rd5 Qxb2 18. Rd7 Rb8 19. Qxf7+ Kh8 20. Qxe6
Rd8 21. Rxd8+ Nxd8 22. Qe8+ Kh7 23. Qxd8 Qxc2 24. Re1 c4 25. e5 c3 26. e6 Qb2
27. e7 c2 28. Qd3+ 1-0

[Event "AUTO-INT-2285"]
[Site "http://www.queenalice.com/game.php?id=1044660"]
[Date "2012.3.31"]
[Round "1"]
[White "sockmonster"]
[Black "frami"]
[Result "1-0"]
[WhiteElo "1344"]
[BlackElo "1420"]

1. d4 d5 2. c4 e5 3. dxe5 d4 4. Nf3 c5 5. e3 Nc6 6. Bd3 Bg4 7. O-O Nb4 8. Qa4+
Nc6 9. Nbd2 Ne7 10. Be4 g6 11. h3 dxe3 12. Nb3 Bxf3 13. Bxf3 Nf5 14. Bxc6+ bxc6
15. Qxc6+ 1-0

[Event "AUTO-INT-2285"]
[Site "http://www.queenalice.com/game.php?id=1044661"]
[Date "2012.3.31"]
[Round "1"]
[White "frami"]
[Black "sockmonster"]
[Result "0-1"]
[WhiteElo "1401"]
[BlackElo "1363"]

1. e4 c6 2. d4 d5 3. Nc3 dxe4 4. Nxe4 Bf5 5. Ng3 Bg6 6. Bd3 Bxd3 7. Qxd3 Nf6 8.
Bg5 e6 9. O-O-O Be7 10. Nf3 O-O 11. Rhe1 Qd5 12. Kb1 c5 13. Re5 Qc6 14. d5 Nxd5
15. Rxd5 exd5 16. Bxe7 Re8 17. Ng5 Qh6 0-1

[Event "AUTO-BEG-529"]
[Site "http://www.queenalice.com/game.php?id=1044844"]
[Date "2012.4.1"]
[Round "1"]
[White "frami"]
[Black "Noodles"]
[Result "0-1"]
[WhiteElo "1391"]
[BlackElo "1011"]

1. e4 e5 2. Nf3 d6 3. d4 Nf6 4. Bg5 exd4 5. Nxd4 h6 6. Bh4 g5 7. Bg3 c5 8. Bb5+
Bd7 9. Bxd7+ Qxd7 10. Nf5 Nxe4 11. Nxd6+ Bxd6 12. Bxd6 Qxd6 13. Qe2 Qd5 14. f3
Qe6 15. fxe4 O-O 16. Nc3 Re8 17. O-O-O Nc6 18. Nd5 Rad8 19. Rhf1 Nd4 20. Nf6+
Kf8 21. Nxe8 Nxe2+ 22. Kb1 Rxe8 23. Rfe1 Qxe4 0-1

[Event "AUTO-BEG-529"]
[Site "http://www.queenalice.com/game.php?id=1044845"]
[Date "2012.4.1"]
[Round "1"]
[White "Noodles"]
[Black "frami"]
[Result "0-1"]
[WhiteElo "1011"]
[BlackElo "1389"]

1. d4 d5 2. Nf3 Nf6 3. b4 e6 4. Ne5 Bxb4+ 5. c3 Ba5 6. e3 O-O 7. f3 c6 8. Ba3
Re8 9. Nd2 Bxc3 10. Rc1 Bxd2+ 11. Qxd2 Nbd7 12. Nd3 e5 13. dxe5 Nxe5 14. f4 Ne4
15. fxe5 Nxd2 16. Kxd2 Bf5 17. Nc5 Rxe5 18. Nxb7 Qg5 19. Rxc6 Qxe3+ 20. Kd1 Qe1#
0-1

[Event "AUTO-BEG-529"]
[Site "http://www.queenalice.com/game.php?id=1044846"]
[Date "2012.4.1"]
[Round "1"]
[White "frami"]
[Black "shubhankar"]
[Result "0-1"]
[WhiteElo "1400"]
[BlackElo "1304"]

1. e4 e5 2. Nf3 Nc6 3. d4 d6 4. Bb5 a6 5. Ba4 b5 6. Bb3 h6 7. c3 Nf6 8. h3 Be7
9. dxe5 dxe5 10. O-O O-O 11. Nh4 Qxd1 12. Rxd1 Rd8 13. Ng6 Rxd1+ 0-1

[Event "AUTO-BEG-529"]
[Site "http://www.queenalice.com/game.php?id=1044847"]
[Date "2012.4.1"]
[Round "1"]
[White "shubhankar"]
[Black "frami"]
[Result "1-0"]
[WhiteElo "1329"]
[BlackElo "1477"]

1. e4 c6 2. d3 d5 3. h3 Nf6 4. Nf3 h6 5. Nc3 e6 6. a3 Be7 7. Be2 O-O 8. O-O Na6
9. Be3 Bd7 10. Ne5 c5 11. Nxd7 Qxd7 12. e5 d4 13. exf6 Bxf6 14. Bd2 dxc3 15.
bxc3 Rfd8 16. Rb1 b6 17. c4 Be5 18. Bf3 Nc7 19. Re1 f6 20. Re4 a5 21. Rxb6 Rab8
22. Rxb8 Rxb8 23. Bxa5 Qa4 24. Bxc7 Bxc7 25. Rxe6 Re8 26. Bc6 1-0

[Event "Challenge"]
[Site "http://www.queenalice.com/game.php?id=1057514"]
[Date "2012.5.8"]
[Round "-"]
[White "frami"]
[Black "vinoseco"]
[Result "0-1"]
[WhiteElo "1467"]
[BlackElo "1476"]

1. e4 e5 2. Nf3 d6 3. d4 Bg4 4. Nc3 Bxf3 5. Qxf3 exd4 6. Bc4 Qd7 7. e5 dxc3 8.
Qxb7 Qc6 9. Qc8+ Ke7 10. Bg5+ f6 11. exf6+ gxf6 12. Qe6+ Kd8 13. Bxf6+ Nxf6 14.
Qxf6+ Kc8 15. Qxh8 Qe4+ 16. Kd1 Qf4 17. Be6+ Kb7 18. Bd5+ Ka6 19. Qxc3 Qg4+ 20.
Bf3 Qf4 21. Qxc7 Qd4+ 22. Ke1 Qc5 23. Qxc5 dxc5 24. Bxa8 Bg7 25. Ke2 Nd7 26.
Rad1 Nb6 27. Rd6 Bxb2 28. Rb1 Be5 29. a4 Bxd6 30. Rb5 Nxa8 0-1

[Event "Challenge"]
[Site "http://www.queenalice.com/game.php?id=1058805"]
[Date "2012.5.12"]
[Round "-"]
[White "teferi"]
[Black "frami"]
[Result "1-0"]
[WhiteElo "1593"]
[BlackElo "1432"]

1. c4 d5 2. cxd5 Qxd5 3. Nc3 Qd8 4. e4 e6 5. e5 Bb4 6. d4 c5 7. Be3 Ne7 8. dxc5
Qa5 9. Ne2 Nbc6 10. f4 O-O 11. a3 Bxc3+ 12. Nxc3 Rd8 13. Qg4 Nd5 14. Bd2 Nxc3
15. Bd3 Rxd3 16. Bxc3 Re3+ 17. Kd2 Qxc5 18. f5 exf5 19. Qa4 Re4 20. b4 Qe3+ 21.
Kc2 Bd7 22. Qb3 Qe2+ 23. Bd2 Nd4+ 24. Kc3 1-0

[Event "Challenge"]
[Site "http://www.queenalice.com/game.php?id=1059158"]
[Date "2012.5.13"]
[Round "-"]
[White "frami"]
[Black "vasyl_puzanov"]
[Result "0-1"]
[WhiteElo "1422"]
[BlackElo "1807"]

1. e4 e5 2. Nf3 Nc6 3. d4 exd4 4. Nxd4 Bc5 5. Be3 Qf6 6. c3 Nge7 7. Qd2 d5 8.
Bb5 dxe4 9. O-O Bd7 10. Bg5 Qg6 11. Bxc6 Nxc6 0-1

[Event "Challenge"]
[Site "http://www.queenalice.com/game.php?id=1068087"]
[Date "2012.6.4"]
[Round "-"]
[White "vangogh"]
[Black "frami"]
[Result "1-0"]
[WhiteElo "1368"]
[BlackElo "1451"]

1. e4 c6 2. d3 d5 3. Qf3 Nf6 4. Nc3 e6 5. Bf4 Bb4 6. Qg3 O-O 7. Bxb8 Bxc3+ 8.
bxc3 Nh5 9. Qh3 Qa5 10. Kd2 dxe4 11. Bd6 Qg5+ 12. Ke2 Bd7 13. dxe4 e5 14. Qxd7
Nf4+ 15. Ke1 Rfd8 16. Qxb7 1-0

[Event "Treino"]
[Site "http://www.queenalice.com/game.php?id=1074141"]
[Date "2012.6.20"]
[Round "-"]
[White "frami"]
[Black "MrMarks"]
[Result "0-1"]
[WhiteElo "1383"]
[BlackElo "1382"]

1. e4 e5 2. Nf3 Bd6 3. d4 Nc6 4. Nc3 Qe7 5. Bc4 h6 6. Be3 Bb4 7. d5 Bxc3+ 8.
bxc3 d6 9. dxc6 bxc6 10. O-O Be6 11. Bxe6 Qxe6 0-1